| 000 | 00890nam a2200229 4500 | ||
|---|---|---|---|
| 001 | 44615 | ||
| 003 | BD-RjUL | ||
| 005 | 20211209053906.0 | ||
| 008 | 160718s1998 b ||||| |||| 00| 0 b d | ||
| 020 | _c10.00 | ||
| 035 | _a(BD-RjUL)44733 | ||
| 040 |
_aBD-RjUL _bben _cBD-RjUL |
||
| 041 | _aben | ||
| 082 |
_223 _a891.4434 _bMOA 1998 |
||
| 100 |
_aমুখোপাধ্যায়, মনো _9136859 |
||
| 245 |
_aউনিশ শতকের বাংলা সাহিত্যে দার্শনিক চেতনা / _cমনো মুখোপাধ্যায় |
||
| 260 |
_aকলিকাতা : _bপুস্তক বিপনী, _c১৯৯৮ |
||
| 300 |
_a৩৩৩ পৃ. ; _c২৩ সেমি. |
||
| 650 |
_aবাংলা সাহিত্য _x১৯ শতকের _9136860 |
||
| 650 |
_aBengali literature _x19th century _9136861 |
||
| 942 |
_2ddc _cBK |
||
| 999 |
_c44615 _d44615 |
||